| 000 | 00365nam a2200145Ia 4500 | ||
|---|---|---|---|
| 008 | 240624s9999 xx 000 0 und d | ||
| 041 | _aeng | ||
| 082 | _a501 KUH | ||
| 100 | _aKUHN THOMAS S | ||
| 245 | _aSTRUCTURE OF SCIENTIFIC REVOLUTIONS | ||
| 250 | _a(3rd ed.) | ||
| 260 |
_c1996 _aChicago _bUniversity of Chicago Press |
||
| 300 | _a226 : p. | ||
| 365 |
_c _b27 |
||
| 999 |
_c15527 _d15527 |
||